| 000 | 00597nam a22001697a 4500 | ||
|---|---|---|---|
| 003 | OSt | ||
| 005 | 20171010095451.0 | ||
| 008 | 120626t xxu||||| |||| 00| 0 eng d | ||
| 040 |
_aMMSU _cULS |
||
| 100 |
_aRalleta, Clarence Revel C. _910762 |
||
| 245 |
_aGrowth performance of jatropha curcas L. as affected by NPK fertilizers _cClarence Revel C. Ralleta |
||
| 260 | _c2008 | ||
| 300 |
_axi, 53 leaves _c28 cm. |
||
| 500 | _aThesis (BS Forestry) -- Mariano Marcos State University-College of Agriculture & Forestry, Batac City | ||
| 504 | _aBibliography: leaves 33-36 | ||
| 942 |
_2ddc _cTHEDIS |
||
| 999 |
_c9604 _d9604 |
||